| 000 | 00376nam a2200133Ia 4500 | ||
|---|---|---|---|
| 008 | 220214s9999 xx 000 0 und d | ||
| 022 | _a0019-5812 | ||
| 245 | 0 | _aIndian Management | |
| 260 |
_bAll India Management Association _aNew Delhi |
||
| 500 | _aEnding Volume & Year: 27, 1989 | ||
| 500 | _aMissing Volume: 13 | ||
| 500 | _aStarting Volume & Year: 12, 1973 | ||
| 942 | _cBJ | ||
| 999 |
_c7210 _d7210 |
||